[Event "SVK-chT2A 9899"]
[Site "Slovakia"]
[Date "1998.11.15"]
[Round "4"]
[White "Sekera, Branislav"]
[Black "Hacir, Svetozar"]
[Result "1/2-1/2"]
[WhiteElo "1967"]
[BlackElo "2150"]
[PlyCount "72"]
[EventDate "1998.??.??"]
[EventType "team"]
[EventRounds "9"]
[EventCountry "SVK"]
[SourceTitle "EXT 2000"]
[Source "ChessBase"]
[SourceDate "1999.11.16"]
[SourceVersion "1"]
[SourceVersionDate "1999.11.16"]
[SourceQuality "1"]

1. d4 Nf6 2. Nf3 g6 3. Bg5 Bg7 4. e3 c5 5. c3 Ne4 6. Bh4 d5 7. Bd3 0-0 8. Nbd2 Nxd2 9. Qxd2 c4 10. Bc2 Nc6 11. 0-0 Bf5 12. Bxf5 gxf5 13. Qe2 Qd6 14. Rfd1 Qg6 15. b3 b5 16. bxc4 bxc4 17. Rab1 Rab8 18. Bg3 Rxb1 19. Rxb1 f4 20. Rb5 fxg3 21. hxg3 e6 22. Qb2 Bf6 23. Rb7 Rc8 24. Qa3 Rb8 25. Rxb8+ Nxb8 26. Qxa7 Qb1+ 27. Kh2 Kg7 28. a4 Nc6 29. Qc7 Ne7 30. a5 Qb5 31. Ne5 Bxe5 32. Qxe7 Bxg3+ 33. Kxg3 Qxa5 34. Kf4 Qxc3 35. Qg5+ Kf8 36. Qd8+ Kg7 1/2-1/2